01761nam a22002537a 450000500170000000800410001702000180005804000070007604100080008308200220009110000320011324500700014526000380021530000270025336500560028044000100033652008390034665000340118565000370121970000360125694200120129299900190130495201840132320251208092311.0220909b ||||| |||| 00| 0 eng d a9788125040972 cAL aeng 223a820.302bTAGS aRabindranath Tagore9248170 aSelections from Galpaguchchha Vol 2b: Manihara and other stories aHyderabadbOrient Blackswanc2010 aviii,312pbPBc21x14cm 2Englisha3496b487.50c₹d625.00e22%f09-08-2022 vVol 2 aThis three volume English translation by Ratan Kumar Chattopadhyay called Selections from Galpaguchchha is a collection of sixty-one of Tagores short stories broadly grouped under the themes of parting of ways, the relationship between men and women and the power within the woman, respectively. In Volume 2, we find the ever popular Ramkanais Folly, The Ghats Story, Woman Bereft of Jewels, Grandfather and The Matronly Boy, among other stories. The travails of a timid man of indomitable honesty who attains a tragic heroism are narrated in Ramkanais Folly, while the theme of The Ghats Story is the unstated, forbidden love of a young woman for a hermit who may or may not be her long-lost husband. The frisson in the haunting climax of the Woman Bereft of Jewels, a horrifying morality tale of egotism and greed, is justly famous. aIndian English Fiction956992 aIndian English Literature956993 aChattopadhyay Ratan K Tr956995 2ddccBK c224555d224555 00102ddc40708ENGaALbALd2022-08-11eBiblios Book Point, Surathkal, Mangalore-575014g487.50l1o820.302 TAGSp075986r2022-11-19 00:00:00s2022-10-29v625.00w2022-09-09yBK